[Event "Mittelrhein Verbandsliga-S 18/19"]
[Site "Nordrheinwestfalen"]
[Date "2019.04.07"]
[Round "9.7"]
[White "Runo, Detlev"]
[Black "Schwab, Wolfgang"]
[Result "1/2-1/2"]
[WhiteElo "1802"]
[BlackElo "1660"]
[PlyCount "92"]
[EventDate "2018.09.02"]
[EventType "team-tourn"]
[EventRounds "11"]
[EventCountry "GER"]
[SourceTitle "EXT 2022"]
[Source "ChessBase"]
[SourceDate "2021.10.06"]
[SourceVersion "1"]
[SourceVersionDate "2021.10.06"]
[SourceQuality "1"]
[WhiteTeam "Rheinbacher SF"]
[BlackTeam "St Augustin Turm"]
[WhiteTeamCountry "GER"]
[BlackTeamCountry "GER"]

1. e4 d6 2. d4 Nf6 3. Nc3 Nbd7 4. Be3 e5 5. f3 c6 6. Qd2 Be7 7. 0-0-0 b5 8. g4 h6 9. g5 hxg5 10. Bxg5 exd4 11. Qxd4 c5 12. Qe3 a6 13. Bxf6 Nxf6 14. e5 Ng4 15. Qe4 Nf2 16. Qxa8 Nxd1 17. Kxd1 dxe5+ 18. Qd5 Qc7 19. Qd2 Qa5 20. a3 Rh6 21. Ne4 Qb6 22. Kc1 f5 23. Ng3 Rd6 24. Qe1 Qd8 25. Be2 Bg5+ 26. Kb1 Bd2 27. Qf1 Be3 28. Nh3 Qh4 29. Nf2 Qd4 30. Qd1 Bxf2 31. Qxd4 Rxd4 32. Bd3 g6 33. Rf1 Bxg3 34. hxg3 Kf7 35. Kc1 Kf6 36. Be2 Bb7 37. c3 Rd6 38. f4 exf4 39. gxf4 Re6 40. Kd2 c4 41. a4 Rd6+ 42. Ke3 Be4 43. axb5 axb5 44. Ra1 Bc6 45. Rg1 Re6+ 46. Kd2 Rd6+ 1/2-1/2

[Event "Mittelrhein Verbandsliga-O 16/17"]
[Site "Nordrheinwestfalen"]
[Date "2017.02.19"]
[Round "8.8"]
[White "Runo, Detlev"]
[Black "Faust, Maikel"]
[Result "1-0"]
[WhiteElo "1817"]
[BlackElo "1688"]
[PlyCount "54"]
[EventDate "2016.09.11"]
[EventType "team-tourn"]
[EventRounds "11"]
[EventCountry "GER"]
[SourceTitle "EXT 2022"]
[Source "ChessBase"]
[SourceDate "2021.10.06"]
[SourceVersion "1"]
[SourceVersionDate "2021.10.06"]
[SourceQuality "1"]
[WhiteTeam "Rheinbacher SF"]
[BlackTeam "Porz SG IV"]
[WhiteTeamCountry "GER"]
[BlackTeamCountry "GER"]

1. e4 e6 2. d4 d5 3. Nc3 Bb4 4. e5 c5 5. a3 Bxc3+ 6. bxc3 Qc7 7. Nf3 Nc6 8. Be2 Nge7 9. 0-0 Nf5 10. Re1 Qb6 11. Bd3 g6 12. g4 Nfe7 13. Be3 c4 14. Be2 h5 15. gxh5 Rxh5 16. Ng5 Rh8 17. Bg4 Bd7 18. Rb1 Qc7 19. Bd2 0-0-0 20. Nxf7 Nf5 21. Bxf5 gxf5 22. Nd6+ Kb8 23. Rxb7+ Qxb7 24. Nxb7 Kxb7 25. Qb1+ Kc7 26. Re3 Ne7 27. Qb4 Rh7 1-0

[Event "Mittelrhein Verbandsliga-O 16/17"]
[Site "Nordrheinwestfalen"]
[Date "2016.11.27"]
[Round "4"]
[White "Solzbacher, Thomas"]
[Black "Runo, Detlev"]
[Result "0-1"]
[WhiteElo "1805"]
[BlackElo "1817"]
[PlyCount "64"]
[EventDate "2016.09.11"]
[EventType "team-tourn"]
[EventRounds "11"]
[EventCountry "GER"]
[SourceTitle "EXT 2022"]
[Source "ChessBase"]
[SourceDate "2021.10.06"]
[SourceVersion "1"]
[SourceVersionDate "2021.10.06"]
[SourceQuality "1"]
[WhiteTeam "Siebengebirge"]
[BlackTeam "Rheinbacher SF"]
[WhiteTeamCountry "GER"]
[BlackTeamCountry "GER"]

1. e4 e5 2. Nf3 Nf6 3. d4 Nxe4 4. Bd3 d5 5. Nxe5 Bb4+ 6. c3 Bd6 7. Qf3 0-0 8. 0-0 f6 9. Ng4 f5 10. Ne3 c6 11. c4 Be6 12. Nc3 Bc7 13. Ne2 Ng5 14. Qh5 Bf7 15. Qxg5 Qxg5 16. Nxd5 Bxh2+ 17. Kxh2 Qh5+ 18. Kg1 cxd5 19. Ng3 Qg4 20. Bxf5 Qxd4 21. cxd5 Bxd5 22. Be3 Qe5 23. Bh3 Nc6 24. Bc5 Bxg2 25. Bxg2 Qxc5 26. Rac1 Qb5 27. b3 Rac8 28. Ne4 Qe5 29. Rc5 Qf4 30. Ng5 Ne7 31. Ne6 Qf6 32. Bh3 Rxc5 0-1

[Event "Mittelrhein Verbandsliga-O 15/16"]
[Site "Nordrheinwestfalen"]
[Date "2016.05.01"]
[Round "11"]
[White "Runo, Detlev"]
[Black "Kneutgen, Alexander"]
[Result "1-0"]
[WhiteElo "1817"]
[BlackElo "1934"]
[PlyCount "77"]
[EventDate "2015.09.06"]
[EventType "team-tourn"]
[EventRounds "11"]
[EventCountry "GER"]
[SourceTitle "EXT 2022"]
[Source "ChessBase"]
[SourceDate "2021.10.06"]
[SourceVersion "1"]
[SourceVersionDate "2021.10.06"]
[SourceQuality "1"]
[WhiteTeam "Rheinbacher SF"]
[BlackTeam "Niederkassel II"]
[WhiteTeamCountry "GER"]
[BlackTeamCountry "GER"]

1. e4 e6 2. d4 d5 3. exd5 exd5 4. Nf3 Bg4 5. Be2 Bd6 6. Ne5 Bf5 7. Bg4 Qf6 8. 0-0 Ne7 9. Re1 h5 10. Bxf5 Qxf5 11. Nc3 c6 12. Re3 f6 13. Rf3 Qh7 14. Nd3 Nd7 15. Bf4 Bxf4 16. Nxf4 0-0-0 17. Rh3 g5 18. Rxh5 Qf7 19. Rxh8 Rxh8 20. Nd3 Qh7 21. h3 f5 22. f3 Qh4 23. Nf2 Nf6 24. Qe2 Kd8 25. Re1 Re8 26. Qe5 Nd7 27. Qg7 g4 28. fxg4 Rg8 29. Qf7 fxg4 30. Rxe7 Qxe7 31. Qxg8+ Kc7 32. Nxg4 Qb4 33. Qg7 Qxb2 34. Ne2 Qxc2 35. Ng3 Qc1+ 36. Kh2 Qf4 37. Ne5 Qxd4 38. Qxd7+ Kb6 39. Nf3 1-0

[Event "Mittelrhein Verbandsliga-O 15/16"]
[Site "Nordrheinwestfalen"]
[Date "2016.04.10"]
[Round "10"]
[White "Olbrisch, Manfred"]
[Black "Runo, Detlev"]
[Result "1-0"]
[WhiteElo "1991"]
[BlackElo "1817"]
[PlyCount "71"]
[EventDate "2015.09.06"]
[EventType "team-tourn"]
[EventRounds "11"]
[EventCountry "GER"]
[SourceTitle "EXT 2022"]
[Source "ChessBase"]
[SourceDate "2021.10.06"]
[SourceVersion "1"]
[SourceVersionDate "2021.10.06"]
[SourceQuality "1"]
[WhiteTeam "Hennef"]
[BlackTeam "Rheinbacher SF"]
[WhiteTeamCountry "GER"]
[BlackTeamCountry "GER"]

1. d4 Nf6 2. Nf3 g6 3. c4 d6 4. Nc3 Bg7 5. e4 0-0 6. Be2 a6 7. 0-0 Re8 8. Rb1 Nbd7 9. b4 b6 10. Ne1 Bb7 11. f3 e5 12. d5 a5 13. a3 axb4 14. axb4 Ba6 15. g4 h5 16. Ng2 Bc8 17. Kh1 Nf8 18. Rg1 hxg4 19. fxg4 N6h7 20. Qe1 g5 21. Ne3 Ng6 22. Bd1 Nf4 23. Ba4 Bd7 24. Bc6 Bxc6 25. dxc6 Nf8 26. Nf5 N8g6 27. Rg3 Kh7 28. Qf2 Rh8 29. Nb5 Kg8 30. Be3 Ne7 31. Bxb6 Nxf5 32. gxf5 cxb6 33. c7 Qc8 34. Rxg5 Rh6 35. Rbg1 Nh5 36. Qh4 1-0

[Event "Mittelrhein Verbandsliga-O 15/16"]
[Site "Nordrheinwestfalen"]
[Date "2015.10.18"]
[Round "3"]
[White "Kinnert, Dieter"]
[Black "Runo, Detlev"]
[Result "0-1"]
[WhiteElo "1784"]
[BlackElo "1843"]
[PlyCount "130"]
[EventDate "2015.09.06"]
[EventType "team-tourn"]
[EventRounds "11"]
[EventCountry "GER"]
[SourceTitle "EXT 2022"]
[Source "ChessBase"]
[SourceDate "2021.10.06"]
[SourceVersion "1"]
[SourceVersionDate "2021.10.06"]
[SourceQuality "1"]
[WhiteTeam "Troisdorf"]
[BlackTeam "Rheinbacher SF"]
[WhiteTeamCountry "GER"]
[BlackTeamCountry "GER"]

1. b4 Nf6 2. Bb2 e6 3. b5 d5 4. e3 Be7 5. Nf3 0-0 6. Be2 c5 7. 0-0 a6 8. a4 Bd7 9. c4 dxc4 10. Bxc4 axb5 11. axb5 Rxa1 12. Bxa1 Nd5 13. Qb3 Nb6 14. Be2 Bf6 15. Ne5 Bc8 16. Rc1 N8d7 17. Nxd7 Nxd7 18. Nc3 b6 19. f4 Bb7 20. d3 e5 21. Ne4 Bxe4 22. dxe4 exf4 23. exf4 Bxa1 24. Rxa1 Nf6 25. Rd1 Qc7 26. e5 Ne8 27. Qd5 Qa7 28. Qc6 Qa2 29. Bf3 Qe6 30. Qb7 g5 31. fxg5 Qxe5 32. Qxb6 Qxg5 33. Qc6 Ng7 34. Bd5 Qe3+ 35. Kh1 Ne6 36. Qd6 Rd8 37. Qc6 Qe2 38. Ra1 Qb2 39. Rf1 Qe2 40. Kg1 Qe3+ 41. Kh1 Qd3 42. Ra1 Qxd5 43. Qxd5 Rxd5 44. b6 Nd8 45. Kg1 Nb7 46. Ra7 Rd7 47. Kf2 Kf8 48. Ra8+ Kg7 49. Ra7 Kf6 50. h4 Ke5 51. Kf3 f5 52. h5 h6 53. Ra8 Rd6 54. Ra6 c4 55. Ra4 Kd4 56. Kf4 Rxb6 57. Kxf5 Nc5 58. Ra1 Nd3 59. g4 c3 60. g5 hxg5 61. Kxg5 c2 62. h6 Rb1 63. Ra4+ Nb4 64. Kg6 c1Q 65. Kg7 Qg5+ 0-1